| 000 | 02468cam a22005054i 4500 | ||
|---|---|---|---|
| 003 | PE-LiUPU | ||
| 005 | 20250731172931.0 | ||
| 008 | 170621s2016 mau rb 001 0 eng d | ||
| 020 | _a9004319182 | ||
| 020 | _a9789004319189 | ||
| 035 | _a(Sirsi) a204439 | ||
| 040 |
_aPE-LiUPU _bspa _cPE-LiUPU _erda |
||
| 049 | _aPRUA | ||
| 082 | 0 | 4 |
_a292.0809385 _bM56 _222 |
| 100 | 1 |
_aMikalson, Jon D., _d1943- _eautor. |
|
| 245 | 1 | 0 |
_aNew aspects of religion in ancient Athens : _bhonors, authorities, esthetics, and society / _cby Jon D. Mikalson. |
| 264 | 1 |
_aLeiden ; _aBoston : _bBrill, _c2016. |
|
| 300 |
_axii, 347 páginas ; _c25 centimetros. |
||
| 336 |
_atext _2rdacontent |
||
| 337 |
_aunmediated _2rdamedia |
||
| 338 |
_avolume _2rdacarrier |
||
| 490 | 0 |
_aReligions in the Graeco-Roman world, _x0927-7633 ; _vv. 183 |
|
| 504 | _aBibliografía : páginas 307-316. | ||
| 504 | _aÍndices: páginas 335-347. | ||
| 505 | 0 | _aApprobation. The qualifiers of Athenian religious practices -- The good priests and priestesses -- Who sacrifices and to whom? -- Who reports what? -- Who pays for what? -- Authority. Introduction -- Patria -- Nomoi and Psephismata -- Oracles and divination -- The four authorities -- Approbation and Authority. The rhetoric to Alexander -- Authority of the polis -- Approbation -- Social and esthetic dimensions of religious actions -- Appendices. The oracles of Demosthenes 43 and 21 -- Demosthenes, Prooemium 54 -- Holy Well -- Osiotis -- Curse Tablets from Cnidus and Osiotis -- Some non-Athenian praises of religious actions -- Athens and the Cult of Eleusinian Demeter. | |
| 526 | _aSEG42 | ||
| 526 | _aSEG41 | ||
| 526 | _aSEG40 | ||
| 526 | _aSEG39 | ||
| 526 | _aP94 | ||
| 526 | _aP87 | ||
| 526 | _aP86 | ||
| 526 | _aP85 | ||
| 526 | _aP77 | ||
| 526 | _aP76 | ||
| 526 | _aP35 | ||
| 651 | 4 |
_aAtenas (Grecia) _xReligión. |
|
| 910 |
_ajck _bjvq _cjpc _d20170621 |
||
| 942 |
_2ddc _cBOOK |
||
| 949 |
_a292.0809385 M56 _wDEWEY _c1 _i76245 _lCATALOGING _mBUL _p126.00 _r0 _sY _tBOOK _u2017-06-21 _xTEOLOGÍA _zTEOLOGÍA _0COMPRA _o.CIRCNOTE. El documento es de alto precio. _o.STAFF. Colección Teología |
||
| 994 |
_aC0 _bPEPRU |
||
| 596 | _a1 | ||
| 999 |
_a292.0809385 M56 _wDEWEY _c20791 _i76245 _f2021-11-11 _g4 _lCCODEBUL1 _mBUL _p126.00 _r0 _sY _tBOOK _u2017-6-21 _xTEOLOGIA _PP35 _0DONACION _o.STAFF. Colección Teología _d20791 |
||
| 980 |
_81 _gALBERTO SANCHEZ Responsable de Automatización |
||